000
00319nam a2200121Ia 4500
008
231107s2011 xx 000 0 und d
041
_a
eng
082
_a
720.224
100
_a
Jefferis Alan
245
_a
Architectural Drafting and Design 6th ed
260
_a
Australia
_b
Delmar Cengage Learning
_c
2011
300
_a
1127
999
_c
931388
_d
931388